[Event "Utrecht OKU op 41st"]
[Site "Utrecht"]
[Date "2014.05.31"]
[Round "3"]
[White "De Dreu, Dies"]
[Black "Ravagnani, Tiziano"]
[Result "1-0"]
[WhiteElo "1991"]
[BlackElo "2010"]
[PlyCount "59"]
[EventDate "2014.05.30"]
[EventType "swiss"]
[EventRounds "6"]
[EventCountry "NED"]
[SourceTitle "CBM 160 Extra"]
[Source "ChessBase"]
[SourceDate "2014.07.01"]
[SourceVersion "1"]
[SourceVersionDate "2014.07.01"]
[SourceQuality "1"]

1. d4 Nf6 2. c4 g6 3. Nc3 d5 4. Bf4 Bg7 5. e3 0-0 6. Nf3 c5 7. Be2 cxd4 8. exd4 Nc6 9. 0-0 Be6 10. c5 Ne4 11. Rc1 Rc8 12. h3 h6 13. Re1 g5 14. Bh2 Qd7 15. Bb5 f5 16. Ne5 Bxe5 17. Bxe5 a6 18. Ba4 Qe8 19. Qe2 Qg6 20. Bxc6 Rxc6 21. f3 Nf6 22. Bd6 exd6 23. Qxe6+ Kg7 24. Nxd5 dxc5 25. Qe5 Re8 26. Ne7 Qh7 27. d5 Rb6 28. Rxc5 Kf8 29. d6 Nd7 30. Ng6+ 1-0

[Event "Terre degli Elimi op 4th"]
[Site "Erice"]
[Date "2013.07.27"]
[Round "5"]
[White "Ljubisavljevic, Zivojin Z"]
[Black "Ravagnani, Tiziano"]
[Result "1/2-1/2"]
[WhiteElo "2215"]
[BlackElo "1960"]
[PlyCount "30"]
[EventDate "2013.07.24"]
[EventType "swiss"]
[EventRounds "7"]
[EventCountry "ITA"]
[SourceTitle "EXT 2015"]
[Source "ChessBase"]
[SourceDate "2014.11.20"]
[SourceVersion "1"]
[SourceVersionDate "2014.11.20"]
[SourceQuality "1"]

1. Nf3 c5 2. g3 Nc6 3. Bg2 d5 4. c4 Nf6 5. cxd5 Nxd5 6. Nc3 Nxc3 7. bxc3 e5 8. d3 e4 9. dxe4 Qxd1+ 10. Kxd1 Bg4 11. h3 0-0-0+ 12. Kc2 Be6 13. Bf4 Bc4 14. Rhe1 f6 15. h4 Bd6 1/2-1/2

[Event "Terre degli Elimi op 4th"]
[Site "Erice"]
[Date "2013.07.25"]
[Round "2"]
[White "Konijn, Bart"]
[Black "Ravagnani, Tiziano"]
[Result "1-0"]
[WhiteElo "2264"]
[BlackElo "1960"]
[PlyCount "41"]
[EventDate "2013.07.24"]
[EventType "swiss"]
[EventRounds "7"]
[EventCountry "ITA"]
[SourceTitle "EXT 2015"]
[Source "ChessBase"]
[SourceDate "2014.11.20"]
[SourceVersion "1"]
[SourceVersionDate "2014.11.20"]
[SourceQuality "1"]

1. e4 c5 2. Nf3 d6 3. d4 cxd4 4. Nxd4 Nf6 5. Nc3 g6 6. Be3 Bg7 7. Be2 Na6 8. f4 Nc5 9. Bf3 h5 10. h3 Qb6 11. Nb3 Be6 12. 0-0 Rd8 13. Qe2 Qb4 14. a3 Qc4 15. Nxc5 dxc5 16. Qf2 Nd7 17. Be2 Qd4 18. Rad1 Qf6 19. e5 Nxe5 20. fxe5 Qxe5 21. Bb5+ 1-0

[Event "Haarlem Nova College op-A 12th"]
[Site "Haarlem"]
[Date "2013.06.28"]
[Round "1"]
[White "Van Foreest, Jorden"]
[Black "Ravagnani, Tiziano"]
[Result "1-0"]
[WhiteElo "2273"]
[BlackElo "1973"]
[PlyCount "88"]
[EventDate "2013.06.28"]
[EventType "swiss"]
[EventRounds "6"]
[EventCountry "NED"]
[SourceTitle "EXT 2015"]
[Source "ChessBase"]
[SourceDate "2014.11.20"]
[SourceVersion "1"]
[SourceVersionDate "2014.11.20"]
[SourceQuality "1"]

1. e4 e5 2. Nf3 Nc6 3. Bc4 Bc5 4. c3 Nf6 5. d3 d6 6. Bb3 Bg4 7. Nbd2 0-0 8. h3 Be6 9. 0-0 Qd7 10. Nc4 h6 11. Re1 Ne7 12. d4 exd4 13. cxd4 Bb4 14. Re2 b5 15. Ne3 c6 16. d5 cxd5 17. exd5 Bf5 18. Nxf5 Nxf5 19. Bf4 g5 20. Bd2 Bc5 21. Bc3 Nh5 22. Re4 Nfg3 23. Re1 Nf4 24. Bd4 Bxd4 25. Nxd4 Ngh5 26. Bc2 Ng7 27. Ne2 Ngh5 28. Nd4 Ng7 29. Qd2 Rae8 30. Nc6 Ngh5 31. Kh2 Nf6 32. a4 b4 33. Nxb4 Re5 34. Bb3 Rfe8 35. a5 Ne4 36. Qd4 Qf5 37. Nc6 Nxh3 38. Nxe5 Rxe5 39. gxh3 Qf4+ 40. Kg1 g4 41. Qe3 Qf6 42. hxg4 h5 43. f4 Re7 44. Bc2 Nc5 1-0

[Event "Rocca Priora op 6th"]
[Site "Rocca Priora"]
[Date "2012.08.12"]
[Round "2"]
[White "Ravagnani, Tiziano"]
[Black "Caprio, Guido"]
[Result "1-0"]
[WhiteElo "1998"]
[BlackElo "2427"]
[PlyCount "87"]
[EventDate "2012.08.11"]
[EventType "swiss"]
[EventRounds "7"]
[EventCountry "ITA"]
[SourceTitle "EXT 2014"]
[Source "ChessBase"]
[SourceDate "2013.11.20"]
[SourceVersion "1"]
[SourceVersionDate "2013.11.20"]
[SourceQuality "1"]

1. e4 c5 2. Nf3 d6 3. d4 cxd4 4. Nxd4 Nf6 5. Nc3 Nc6 6. Bg5 Bd7 7. Qd2 h6 8. Bxf6 gxf6 9. Nf5 Qa5 10. Bb5 a6 11. Bxc6 bxc6 12. Ne3 Rb8 13. Qd4 Qb4 14. Qxb4 Rxb4 15. 0-0-0 h5 16. a3 Rb8 17. Rhe1 h4 18. Nf5 Rh5 19. g4 hxg3 20. hxg3 Bxf5 21. exf5 Kd7 22. g4 Rh4 23. f3 Bh6+ 24. Kb1 Bf4 25. Ne4 Kc7 26. Nf2 Re8 27. Nd3 Bg3 28. Re4 d5 29. Ra4 Ra8 30. c4 e6 31. fxe6 fxe6 32. Nc5 Kb6 33. Nxe6 Re8 34. Rb4+ Ka7 35. cxd5 cxd5 36. Ng7 Rc8 37. Nf5 Rh3 38. Rxd5 Bf2 39. Rd7+ Ka8 40. Nd6 Rb8 41. Ra4 Rb6 42. Rd8+ Rb8 43. Rxa6+ Ba7 44. Rd7 1-0

[Event "Terrasini Mediterranean op 3rd"]
[Site "Terrasini"]
[Date "2012.06.28"]
[Round "3"]
[White "Bentivegna, Francesco"]
[Black "Ravagnani, Tiziano"]
[Result "1-0"]
[WhiteElo "2299"]
[BlackElo "2023"]
[PlyCount "83"]
[EventDate "2012.06.24"]
[EventType "swiss"]
[EventRounds "9"]
[EventCountry "ITA"]
[SourceTitle "CBM 149 Extra"]
[Source "ChessBase"]
[SourceDate "2012.08.24"]
[SourceVersion "1"]
[SourceVersionDate "2012.08.24"]
[SourceQuality "1"]

1. e4 c5 2. b3 Nc6 3. Bb2 e6 4. Nf3 Nf6 5. e5 Nd5 6. c4 Nf4 7. g3 Ng6 8. Bg2 d6 9. exd6 Qxd6 10. 0-0 Nd4 11. Nxd4 cxd4 12. Na3 Qb6 13. h4 Bd7 14. h5 Ne5 15. Qe2 f6 16. d3 Bc6 17. Bxc6+ Qxc6 18. f4 Bxa3 19. Bxa3 Nf7 20. Rae1 e5 21. Qg4 Qd7 22. Qxd7+ Kxd7 23. fxe5 Nxe5 24. Re4 Nc6 25. h6 Rhg8 26. Kh2 Rae8 27. Rxe8 Kxe8 28. hxg7 Rxg7 29. Rxf6 Rf7 30. Re6+ Kd7 31. Rd6+ Kc7 32. Kg2 Rf5 33. Rh6 Rf7 34. Rh4 a5 35. Rh5 b6 36. g4 Ne7 37. Bb2 Nc6 38. Ba3 Ne7 39. Kg3 Ng6 40. Rd5 Rd7 41. Rxd7+ Kxd7 42. Bb2 1-0